<?xml version="1.0" encoding="UTF-8"?>
<collection xmlns="http://www.loc.gov/MARC21/slim">
 <record>
  <leader>01705nam a2200193Ia 4500</leader>
  <controlfield tag="001">TDMU_40326</controlfield>
  <controlfield tag="008">210410s9999    xx            000 0 und d</controlfield>
  <datafield tag="082" ind1=" " ind2=" ">
   <subfield code="a">370</subfield>
  </datafield>
  <datafield tag="090" ind1=" " ind2=" ">
   <subfield code="b">V500</subfield>
  </datafield>
  <datafield tag="100" ind1=" " ind2=" ">
   <subfield code="a">Vũ, Trọng Đông</subfield>
  </datafield>
  <datafield tag="245" ind1=" " ind2="0">
   <subfield code="a">Quản lý hoạt động giáo dục ngoài giờ lên lớp ở các trường tiểu học thị xã Dĩ An, tỉnh Bình Dương</subfield>
  </datafield>
  <datafield tag="245" ind1=" " ind2="0">
   <subfield code="c">Vũ Trọng Đông (c.nhiệm)</subfield>
  </datafield>
  <datafield tag="260" ind1=" " ind2=" ">
   <subfield code="a">Bình Dương</subfield>
  </datafield>
  <datafield tag="260" ind1=" " ind2=" ">
   <subfield code="c">2017</subfield>
  </datafield>
  <datafield tag="300" ind1=" " ind2=" ">
   <subfield code="a">124 tr</subfield>
  </datafield>
  <datafield tag="520" ind1=" " ind2=" ">
   <subfield code="a">Báo cáo tổng kết đề tài khoa học công nghệ cấp trường; TM tài liệu tham khảo tr. 100 - 102; Gồm 3 chương: Cơ sở lý luận về quản lý hoạt động giáo dục ngoài giờ lên lớp trường tiểu học; thực trạng quản lý  hoạt động giáo dục ngoài giờ lên lớp của hiệu trưởng ở một số trường trung học tại thị xã Thuận An, tỉnh Bình Dương; đề xuất một số biện pháp quản lý hoạt động giáo dục ngoài giờ lên lớp của hiệu trưởng ở một số trường trung học tại thị xã Thuận An, tỉnh Bình Dương</subfield>
  </datafield>
  <datafield tag="650" ind1=" " ind2=" ">
   <subfield code="a">Giáo dục</subfield>
   <subfield code="x">Ngoài giờ lên lớp</subfield>
   <subfield code="x">Quản lý</subfield>
   <subfield code="x">Trường tiểu học</subfield>
   <subfield code="z">Dĩ An (Bình Dương - Việt Nam); Hoạt động ngoài giờ lên lớp</subfield>
   <subfield code="x">Quản lý</subfield>
   <subfield code="x">Trường tiểu học</subfield>
   <subfield code="z">Dĩ An (Bình Dương - Việt Nam)</subfield>
  </datafield>
  <datafield tag="856" ind1=" " ind2=" ">
   <subfield code="u">http://lrc.tdmu.edu.vn/opac/search/detail.asp?aID=2&amp;ID=40326</subfield>
  </datafield>
  <datafield tag="980" ind1=" " ind2=" ">
   <subfield code="a">Trung tâm Học liệu Trường Đại học Thủ Dầu Một</subfield>
  </datafield>
 </record>
</collection>
